000 00563nam a22002057a 4500
003 OSt
008 260505b |||||||| |||| 00| 0 eng d
082 _a633.15958
_bK98W
100 _aKumar, Shambhu Sharan.
245 _aWeed Management in Winter Maize (Zea mays L.) Based Intercropping Systems /
_cby Shambhu Sharan Kumar
260 _a.- Pusa, Samastipur
_b: RAU
_c, 2012
300 _a165p.
502 _bPh. D.
_d2012
650 _aAgronomy
650 _aMaize
650 _aWeed Management
650 _aThesis
650 _aPh. D.
942 _2ddc
_cT
999 _c50424
_d50424